Treatise on materials science and technology (Record no. 565585)

000 -LEADER
fixed length control field 00288nam a2200109Ia 4500
008 - FIXED-LENGTH DATA ELEMENTS--GENERAL INFORMATION
fixed length control field 210430s9999 xx 000 0 und d
082 ## - DEWEY DECIMAL CLASSIFICATION NUMBER
Classification number 620.110W244T
100 ## - MAIN ENTRY--PERSONAL NAME
Personal name F.Y.Wang
9 (RLIN) 54822
245 ## - TITLE STATEMENT
Title Treatise on materials science and technology
Statement of responsibility, etc. F.Y.Wang
300 ## - PHYSICAL DESCRIPTION
Extent 375p.
942 ## - ADDED ENTRY ELEMENTS (KOHA)
Koha item type Book
Source of classification or shelving scheme
Holdings
Withdrawn status Lost status Damaged status Not for loan Permanent Location Current Location Shelving location Date acquired Total Checkouts Full call number Barcode Date last seen Price effective from Koha item type
        School of Chemical & Materials Engineering (SCME) School of Chemical & Materials Engineering (SCME) Book Cart     620.110W244T SCME- D82 04/30/2021 04/30/2021 Book
© 2023 Central Library, National University of Sciences and Technology. All Rights Reserved.